01134nam a2200289Ia 4500001001200000003000800012006001900020007001500039008004100054020001500095040002100110035002100131050002500152082001600177100002100193245010100214260006100315300001900376504005100395533015200446650001800598650001300616650004300629655002900672710001700701856012600718ebr10089085CaPaEBRm u cr cn|||||||||020524s2002 enk sb 001 0 eng d z9041117598 aCaPaEBRcCaPaEBR a(OCoLC)23215716314aK3240.4b.074 2002eb04a341.4812211 aO'Shea, Andreas.10aAmnesty for crime in international law and practiceh[electronic resource] /cby Andreas O'Shea. aThe Hague ;aLondon :bKluwer Law International,cc2002. axxxiii, 376 p. aIncludes bibliographical references and index. aElectronic reproduction.bPalo Alto, Calif. :cebrary,d2009.nAvailable via World Wide Web.nAccess may be limited to ebrary affiliated libraries. 0aHuman rights. 0aAmnesty. 0aCriminal procedure (International law) 7aElectronic books.2local2 aebrary, Inc.40uhttp://site.ebrary.com/lib/rucke/Doc?id=10089085zAn electronic book accessible through the World Wide Web; click to view